000 00454nam a2200193Ia 4500
005 20250423095415.0
008 250422s9999 xx 000 0 und d
020 _a0-471-04621-3
050 _aQD31.2.M85/
100 _aDaniel B. Murphy
245 0 _aFoundations of College Chemistry
250 _aThird Edition
260 _aNew York
260 _bJohn Wiley & Sons
260 _c1980
300 _a767 p
650 _aChemistry
942 _cBK
999 _c30178
_d30178